| 000 | 00494nam a2200193Ia 4500 | ||
|---|---|---|---|
| 003 | GCL | ||
| 008 | 140319s9999 xx 000 0 eng d | ||
| 040 |
_aGCL / _cGCL |
||
| 082 | 0 | 4 |
_a372.35 _bD K |
| 100 | 1 | _aHOLZBERG, CAROLS. | |
| 245 | 1 | 0 |
_aKIDS & COMPUTERS: A PARENT'S HANDBOOK / _cHOLZBERG, CAROLS. |
| 700 | 1 | _aDERRICK, DAN | |
| 700 | 1 | _aMILONE, MICHAEL | |
| 700 | 1 | _aSALPETER, JUDY | |
| 260 |
_a[S.N] : _bSAMS ، _c1992 |
||
| 300 | _a291 P | ||
| 650 | 0 | 4 | _aCHILDREN |
| 942 |
_2ddc _cBK |
||
| 999 |
_c25569 _d25569 |
||